000
00234nam a22000857a 4500
008
161125b xxu||||| |||| 00| 0 eng d
100
_9
1419
_a
Young Learners
245
_a
Puss in Boots
260
_a
New Delhi
_b
Young Learners Publication
_c
2011
999
_c
4138
_d
4138